| 000 -LEADER |
| fixed length control field |
02862cam a2200481 a 4500 |
| 001 - CONTROL NUMBER |
| control field |
11917297 |
| 003 - CONTROL NUMBER IDENTIFIER |
| control field |
Nust |
| 005 - DATE AND TIME OF LATEST TRANSACTION |
| control field |
20170412115331.0 |
| 008 - FIXED-LENGTH DATA ELEMENTS--GENERAL INFORMATION |
| fixed length control field |
000222m20009999enka b 001 0 eng |
| 010 ## - LIBRARY OF CONGRESS CONTROL NUMBER |
| LC control number |
00025689 |
| 020 ## - INTERNATIONAL STANDARD BOOK NUMBER |
| International Standard Book Number |
978-1853263972 |
| 040 ## - CATALOGING SOURCE |
| Original cataloging agency |
DLC |
| Transcribing agency |
DLC |
| Modifying agency |
DLC |
| 050 00 - LIBRARY OF CONGRESS CALL NUMBER |
| Classification number |
PR5810 |
| Item number |
.G00 2000 |
| 082 00 - DEWEY DECIMAL CLASSIFICATION NUMBER |
| Classification number |
828.809 |
| Author Mark |
WIL |
| 100 1# - MAIN ENTRY--PERSONAL NAME |
| Personal name |
Wilde, Oscar, |
| Dates associated with a name |
1854-1900. |
| 240 10 - UNIFORM TITLE |
| Uniform title |
Works. |
| Date of a work |
2000 |
| 245 14 - TITLE STATEMENT |
| Title |
The complete works of Oscar Wilde / |
| Statement of responsibility, etc. |
Oscar wilde; |
| 260 ## - PUBLICATION, DISTRIBUTION, ETC. |
| Place of publication, distribution, etc. |
Oxford ; |
| -- |
New York : |
| Name of publisher, distributor, etc. |
Oxford University Press, |
| Date of publication, distribution, etc. |
2000 |
| 300 ## - PHYSICAL DESCRIPTION |
| Extent |
1109 p. |
| Dimensions |
30 cm. |
| 504 ## - BIBLIOGRAPHY, ETC. NOTE |
| Bibliography, etc. note |
Includes bibliographical references and indexes. |
| 505 1# - FORMATTED CONTENTS NOTE |
| Formatted contents note |
v. 1. Poems and poems in prose / edited by Bobby Fong and Karl Beckson -- v. 2. De profundis, "Epistola : in carcere et vinculis" / edited by Ian Small -- v. 3. The picture of Dorian Gray : the 1890 and 1891 texts / edited by Joseph Bristow -- v. 4. Criticism : Historical criticism, Intentions, The soul of man / edited by Josephine M. Guy -- v. 5. The Duchess of Padua, Salomé: drame in un acte, Salome: tragedy in one act / edited by Joseph Donohue. -- v. 6. Journalism: Part I -- v. 7. Journalism: Part II / edited by John Stokes and Mark W. Turner. |
| 650 ## - SUBJECT ADDED ENTRY--TOPICAL TERM |
| Topical term or geographic name entry element |
English literature |
| 700 1# - ADDED ENTRY--PERSONAL NAME |
| Personal name |
Jackson, Russell, |
| Dates associated with a name |
1949- |
| 700 1# - ADDED ENTRY--PERSONAL NAME |
| Personal name |
Small, Ian. |
| 700 1# - ADDED ENTRY--PERSONAL NAME |
| Personal name |
Fong, Bobby. |
| 700 1# - ADDED ENTRY--PERSONAL NAME |
| Personal name |
Beckson, Karl E., |
| Dates associated with a name |
1926- |
| 700 1# - ADDED ENTRY--PERSONAL NAME |
| Personal name |
Bristow, Joseph. |
| 700 1# - ADDED ENTRY--PERSONAL NAME |
| Personal name |
Guy, Josephine M., |
| Dates associated with a name |
1963- |
| 700 1# - ADDED ENTRY--PERSONAL NAME |
| Personal name |
Donohue, Joseph W., |
| Titles and other words associated with a name |
Jr. |
| Fuller form of name |
(Joseph Walter), |
| Dates associated with a name |
1935- |
| 700 1# - ADDED ENTRY--PERSONAL NAME |
| Personal name |
Stokes, John, |
| Dates associated with a name |
1943- |
| 700 1# - ADDED ENTRY--PERSONAL NAME |
| Personal name |
Turner, Mark W. |
| 856 42 - ELECTRONIC LOCATION AND ACCESS |
| Materials specified |
Publisher description |
| Uniform Resource Identifier |
<a href="http://www.loc.gov/catdir/enhancements/fy0610/00025689-d.html">http://www.loc.gov/catdir/enhancements/fy0610/00025689-d.html</a> |
| 856 41 - ELECTRONIC LOCATION AND ACCESS |
| Materials specified |
Table of contents only |
| Uniform Resource Identifier |
<a href="http://www.loc.gov/catdir/enhancements/fy0610/00025689-t.html">http://www.loc.gov/catdir/enhancements/fy0610/00025689-t.html</a> |
| 906 ## - LOCAL DATA ELEMENT F, LDF (RLIN) |
| a |
7 |
| b |
cbc |
| c |
orignew |
| d |
1 |
| e |
ocip |
| f |
20 |
| g |
y-gencatlg |
| 942 ## - ADDED ENTRY ELEMENTS (KOHA) |
| Source of classification or shelving scheme |
|
| Koha item type |
Book |